Những kiệt nhân của nền văn minh cổ đại Trung Quốc
Giới thiệu về cuộc đời, sự nghiệp và những thành tích nổi bật của các nhà phát minh, danh y và những danh hoạ cổ đại Trung Quốc như: Lỗ Ban và những phát minh của ông, nhà thiên văn địa lý Trương Thành, thánh y Hoa Đà, Cố Khải Chi..
Sparad:
| Materialtyp: | Bok |
|---|---|
| Språk: | Vietnamese |
| Publicerad: |
H.
Văn hoá Thông tin
2001
|
| Ämnen: | |
| Taggar: |
Lägg till en tagg
Inga taggar, Lägg till första taggen!
|
| Thư viện lưu trữ: | Mạng thư viện Đại học Đà Nẵng |
|---|
| LEADER | 01525nam a22003858a 4500 | ||
|---|---|---|---|
| 001 | 000006943 | ||
| 003 | 3103 | ||
| 005 | 20120516090541.0 | ||
| 008 | 110923s2001 b 000 0 od | ||
| 020 | |c 36000đ |d 800b | ||
| 041 | 0 | |a 0111 | |
| 041 | 0 | |a vie | |
| 080 | |a 9N(414)(092) | ||
| 082 | |a 895.1 |b KIE | ||
| 084 | |a P3(5Trq)3-8 |b NH000ữ | ||
| 245 | 1 | 0 | |a Những kiệt nhân của nền văn minh cổ đại Trung Quốc |c Trần Yên Thảo, Lâm Hồng Lân b.d |
| 260 | |a H. |b Văn hoá Thông tin |c 2001 | ||
| 300 | |a 379 tr. |c 19 cm. | ||
| 520 | |a Giới thiệu về cuộc đời, sự nghiệp và những thành tích nổi bật của các nhà phát minh, danh y và những danh hoạ cổ đại Trung Quốc như: Lỗ Ban và những phát minh của ông, nhà thiên văn địa lý Trương Thành, thánh y Hoa Đà, Cố Khải Chi.. | ||
| 653 | |a Lịch sử cổ đại | ||
| 653 | |a Danh nhân | ||
| 653 | |a Khoa học | ||
| 653 | |a Trung Quốc | ||
| 653 | |a Nhân vật lịch sử | ||
| 910 | |a Huỳnh Thị Cẩm Lai |d 23/09/2011 | ||
| OWN | |a LSP | ||
| AVA | |a UDN50 |b LSP |d 895.1 KIE |e available |t Error 5001 Not defined in file expand_doc_bib_avail. |f 2 |g 0 |h N |i 0 |k 1 | ||
| 999 | |a From the UDN01 | ||
| AVA | |a UDN50 |b LSP |d 895.1 KIE |e available |t Error 5001 Not defined in file expand_doc_bib_avail. |f 2 |g 0 |h N |i 0 |k 1 | ||
| TYP | |a Monograph | ||
| TYP | |a Printed language | ||
| 980 | |a Mạng thư viện Đại học Đà Nẵng | ||